Znani ludzie według inicjałów - imiona na "M" - Statystyki

Ogólne statystyki
  • Ten quiz został rozwiązany 258 razy
  • Średni wynik to 13 z 21
Statystyki odpowiedzi
Inicjały Kim jest ta osoba? Odpowiedź % Poprawnych
MR Polska piosenkarka, znana m.in. z piosenek "Niech żyje bal" czy "Małgośka" Maryla Rodowicz
89%
MJ Amerykański koszykarz, sześciokrotny mistrz NBA i sześciokrotny MVP ligi, uznawany za najwybitniejszego zawodnika w historii dyscypliny Michael Jordan
86%
MW Polska prezenterka telewizyjna i podróżniczka, znana z serii "Kobieta na krańcu świata" Martyna Wojciechowska
85%
ML Niemiecki reformator, inicjator reformacji religijnej Marcin Luter
75%
MM Amerykańska aktorka i modelka, seksbomba lat 50. i 60. Marilyn Monroe
75%
MZ Amerykański przedsiębiorca, założyciel Facebooka Mark Zuckerberg
72%
MG Hinduski prawnik, jeden z twórców niepodległych Indii i propagator pacyfizmu Mahatma Gandhi
68%
MS Niemiecki kierowca wyścigowy, siedmiokrotny mistrz Formuły 1 Michael Schumacher
67%
MA Amerykański bokser, mistrz świata w wadze ciężkiej, uznawany za jednego z najwybitniejszych sportowców XX w. Muhammad Ali
67%
MT Brytyjska polityk, premier Wielkiej Brytanii w latach 1979-1990, znana jako "Żelazna Dama" Margaret Thatcher
65%
MK Amerykański pastor, działacz na rzecz równości Afroamerykanów ("Miałem sen...") Martin Luther King
65%
MP Amerykański pływak, 23-krotny mistrz olimpijski Michael Phelps
65%
MN Niemiecki piłkarz, zawodnik Bayernu Monachium, mistrz świata z 2014 r. Manuel Neuer
61%
MC Amerykański aktor, odtwórca roli Kevina w filmach z serii "Kevin sam w..." Macaulay Culkin
54%
MH Niemiecki piłkarz, zawodnik Borussii Dortmund, wcześniej grał w Bayernie Mats Hummels
52%
MD Amerykański aktor, znany z ról tytułowego szeregowca Ryana czy Jasona Bourne'a w "Tożsamości Bourne'a" Matt Damon
49%
MB Włoska aktorka, znana z ról Chantal Hearst w "Podejrzanym" czy Persefony w "Matriksie" Monica Bellucci
46%
ME Ghański piłkarz, zawodnik m.in. Lyonu, Chelsea czy Milanu Michael Essien
41%
MO Polska aktorka, znana z ról Anny w "Katyniu" czy Hanny Kuklińskiej w "Jacku Strongu" Maja Ostaszewska
37%
MY Chiński koszykarz, najwyższy zawodnik w historii NBA Yao Ming
24%
MF Brytyjski lekkoatleta specjalizujący się w biegach długodystansowych, czterokrotny mistrz olimpijski Mo Farah
19%
Nie znaleziono quizów pasujących do podanych kryteriów
Rozkład punktacji
Procent ludzi z każdym wynikiem
Percentyl według liczby udzielonych odpowiedzi
Twoja historia wyników
Nie rozwiązałeś tego quizu